000 00483nam a2200181Ia 4500
008 230524s9999 xx 000 0 und d
020 _a9788121924429
082 _a574.87
_bVER
100 _aDr. P.S.Verma
245 0 _a"Cell Biology,Genetics,Molecular Biology,Evolution and Ecology"
250 _a1
260 _aNew Delhi
_bS.Chand
_c2021
300 _a"xxiii,294p;"
500 _aQuantity Number: 2
650 _aBiotechnology
700 _aDr. V.K. Agarwal
942 _cBK
999 _c60660
_d60660